000 00648nab a2200181 4500
001 244442
003 OSt
005 20240625111745.0
007 tu
008 200917s2020|||||||
040 _aDE-2950
_cDE-2950
245 0 0 _aLukas-Buchhandlung nach Übernahme wiedereröffnet
_bLiteratur. Die Lebenshilfe hat die Traditionsbuchhandlung in der Franz-Mehring-Straße übernommen. Nach einem Umbau ist jetzt wieder geöffnet/
_cPhilipp Stepputtis
264 _c2024
653 _aFrankfurt (Oder)
653 _aLukas-Buchhandlung
773 0 _g35. Jahrgang (2024) Nr. 138 vom 15.06.2024, S. 19, mit Foto
_tMärkische Oderzeitung
942 _2z
_cA
999 _c373210
_d373210